000 00602cam a22002053a 4500
001 40868
003 PGUSA
005 20140828083919.0
008 120926s2012||||xxu|||||s|||||000 | eng d
040 _aPGUSA
_beng
042 _adc
100 1 _aSchopenhauer, Arthur,
_d1788-1860
245 1 4 _aThe World as Will and Idea (Vol. 3 of 3)
_h[electronic resource] /
_cArthur Schopenhauer
260 _bProject Gutenberg,
_c2012
506 _aPublic domain in the USA.
516 _aElectronic text
830 0 _aProject Gutenberg
_v40868
856 4 0 _uhttp://www.gutenberg.org/ebooks/40868
942 _cEB
999 _c270120
_d270120